| 000 | 00577nam a2200229Ia 4500 | ||
|---|---|---|---|
| 008 | 170203s9999 xx 000 0 und d | ||
| 020 | _a9780439909006 | ||
| 050 | _aFic | ||
| 050 | _b.De392D 2007 | ||
| 100 | _aDenega, Daniela | ||
| 245 | _aGraduation Day / | ||
| 245 | _c by Danielle Denega ; illustrated by Jay Johnson. | ||
| 260 | _aNew York : | ||
| 260 | _bScholastic Inc., | ||
| 260 | _c2007 | ||
| 300 | _bcol. ill. ; | ||
| 300 | _c21 cm. | ||
| 650 | _aDogs-- | ||
| 650 | _aPuppies-- | ||
| 650 | _xJuvenile Literature. | ||
| 650 | _xJuvenile Literature. | ||
| 999 |
_c306056 _d306056 |
||